Statistiques concernant Les auteurs préférés du NCEP

Cliquez ici pour prendre le quiz!

Statistiques générales

  • Ce quiz a été pris 5 fois
  • Le résultat moyen est 15 sur 34

Statistiques - réponses

HintRéponse% Correct
Theoricien militaireCarl von Clausewitz
100%
AnthropologueClaude Levi Strauss
100%
SociologueEmile Durkheim
100%
PhilosopheHannah Arendt
100%
AnthropologueMarcel Mauss
100%
PhilosopheMichel Foucault
100%
SociologuePierre Bourdieu
100%
PhilosophePlaton
100%
Philosophebell hooks
50%
PphilosopheCatherine Colliot Thelène
50%
HistorienFernan Braudel
50%
PhilosopheJean Jacques Rousseau
50%
PhilosopheJudith Butler
50%
Philosophe et économisteKarl Marx
50%
PhilosopheKarl Schmidt
50%
SociologueKimberley Crenshaw
50%
SociologueMax Weber
50%
SociologueNorbert Elias
50%
SociologueRendal Collins
50%
PhilosopheSimone Weil
50%
PhilosopheThomas Hobbes
50%
PhilosopheAlexis de Tocqueville
0%
SemioticienAlgirdas Greimas
0%
SociologueAnibal Quijano
0%
AnthropologueArjun Appadurai
0%
Psychologue et linguisteBurrhus Frederic Skinner
0%
PhilosopheCharles Tilly
0%
AnthropologueChristophe Jaffrelot
0%
PhilosopheGeorges Canguilhem
0%
Philosophe et juristeHans Kelsen
0%
PhilosopheJean Bodin
0%
PhilosopheMax Horkheimer
0%
PhilosopheNicolas Machiavel
0%
AntropologuePierre Clastres
0%

Distribution des résultats

Percentile par nombre de réponses

% des personnes avec chaque résultat

Votre développement - résultats

Vous n’avez pas pris ce quiz